000 01086nam0a22003011 4500
001 rc\898535
005 20250622034027.0
035 _a(NLR Aleph) 006074601
090 _a5035026
_c5035026
100 _a20041129d1984 |||y0rusy50 ca
101 0 _arus
102 _aRU
105 _ay |||||||||
200 1 _aАфриканская община в условиях аграрных преобразований
_e(Опыт Объед. Республики Танзания)
210 _aМ.
_cБ. и.
_d1984
215 _a108 с.
_d20
225 1 _aАфрика
300 _aНа обл. авт. не указан
300 _aВ надзаг.: АН СССР, Ин-т Африки
320 _aБиблиогр.: с. 105-107
333 _aДСП. Экз. № 006
700 1 _7ca
_8rus
_aНикифоров
_bА. В.
_cканд. ист. наук
_f1937-2004
_gАлександр Владимирович
_9252227
_3RU\NLR\AUTH\770252283
801 0 _aRU
_bNLR
_gpsbo
801 1 _aRU
_bELAR
_2rusmarc
852 _aNLR
_j85-50К/3250
942 _cBOOK
980 _aNB